header

A woman's place is in the House (Record no. 89065)

MARC details
000 -LEADER
fixed length control field 01449nam a2200337Ia 4500
100 1# - MAIN ENTRY--AUTHOR NAME
Personal name Burrell, Barbara C.,
245 12 - TITLE STATEMENT
Title A woman's place is in the House
250 ## - EDITION STATEMENT
Edition statement 1st paperback ed.
260 ## - PUBLICATION, DISTRIBUTION, ETC. (IMPRINT)
Place of publication Ann Arbor :
Name of publisher University of Michigan Press,
Year of publication c1996.
300 ## - PHYSICAL DESCRIPTION
Number of Pages 211 p. :
Other physical details ill.
650 #0 - SUBJECT ADDED ENTRY--TOPICAL TERM
Topical Term Women
Topical Term Women legislators
Topical Term Political campaigns
856 40 - ELECTRONIC LOCATION AND ACCESS
Uniform Resource Identifier http://site.ebrary.com/lib/rucke/Doc?id=10392975

No items available.

© 2026 Rongo University
Contact us: librarian | system librarian | Rongo university